[Event "Ruhrgebiet Verbandsbezirksliga Gr 1"]
[Site "Ruhrgebiet"]
[Date "2019.03.03"]
[Round "7.7"]
[White "Potratz, Manfred"]
[Black "Lohmann, Lukas"]
[Result "1/2-1/2"]
[WhiteElo "1674"]
[BlackElo "1482"]
[PlyCount "70"]
[EventDate "2018.09.30"]
[EventType "team-tourn"]
[EventRounds "9"]
[EventCountry "GER"]
[SourceTitle "EXT 2022"]
[Source "ChessBase"]
[SourceDate "2021.10.06"]
[SourceVersion "1"]
[SourceVersionDate "2021.10.06"]
[SourceQuality "1"]
[WhiteTeam "Werl SC 1981 II"]
[BlackTeam "Hamm SG Caissa"]
[WhiteTeamCountry "GER"]
[BlackTeamCountry "GER"]

1. e4 e6 2. f4 d5 3. e5 c5 4. Nf3 Nc6 5. Bb5 Bd7 6. Bxc6 Bxc6 7. d4 Nh6 8. c3 Nf5 9. 0-0 Rc8 10. g4 Nh4 11. Be3 b6 12. Nbd2 Be7 13. Nxh4 Bxh4 14. Nf3 Bb5 15. g5 cxd4 16. Bxd4 h6 17. Nxh4 hxg5 18. Ng2 Bxf1 19. Qxf1 gxf4 20. Qxf4 Rh5 21. Rf1 Qe7 22. Qg4 Rg5 23. Qe2 Kd7 24. Bf2 Rh8 25. Bg3 Qc5+ 26. Qe3 Qxe3+ 27. Nxe3 Ke7 28. Nc2 a6 29. Nb4 a5 30. Nc6+ Kd7 31. Nd4 Ke7 32. Nb5 f6 33. exf6+ gxf6 34. Kg2 e5 35. Rd1 f5 1/2-1/2